Normal view
MARC view
- ترجمة ودراسة وتحقيق الدويكات، فؤاد عبد الرحيم
Entry Personal Name
001 - CONTROL NUMBER
- control field: 48572
003 - CONTROL NUMBER IDENTIFIER
- control field: JO-AjAnu
005 - DATE AND TIME OF LATEST TRANSACTION
- control field: 20230606082017.0
008 - FIXED-LENGTH DATA ELEMENTS
- fixed length control field: 230606|| aca||aabn | a|a d
040 ## - CATALOGING SOURCE
- Original cataloging agency: JO-AjAnu
- Transcribing agency: JO-AjAnu
100 ## - HEADING--PERSONAL NAME
- Personal name: ترجمة ودراسة وتحقيق الدويكات، فؤاد عبد الرحيم
670 ## - SOURCE DATA FOUND
- Source citation: Work cat.: (JO-AjAnu)24848: ترجمة ودراسة وتحقيق الدويكات، فؤاد عبد الرحيم, author, رحلة الربي بتاحيا الراتسبوني 1175 - 1180م/571 - 576 هجري